Calculations for molecular biology and biotechnology : (Record no. 142173)

MARC details
000 -LEADER
fixed length control field 00720nam a2200241 a 4500
008 - FIXED-LENGTH DATA ELEMENTS--GENERAL INFORMATION
fixed length control field
020 ## - INTERNATIONAL STANDARD BOOK NUMBER
International Standard Book Number 9780123756909 (pbk.)
049 ## - LOCAL HOLDINGS (OCLC)
Holding library MAIN
090 ## - LOCALLY ASSIGNED LC-TYPE CALL NUMBER (OCLC); LOCAL CALL NUMBER (RLIN)
Classification number (OCLC) (R) ; Classification number, CALL (RLIN) (NR) QH506
Local cutter number (OCLC) ; Book number/undivided call number, CALL (RLIN) STE
003 - CONTROL NUMBER IDENTIFIER
control field
005 - DATE AND TIME OF LATEST TRANSACTION
control field 20230123125456.0
040 ## - CATALOGING SOURCE
Transcribing agency NUST
100 1# - MAIN ENTRY--PERSONAL NAME
Personal name Stephenson, Frank H.
245 10 - TITLE STATEMENT
Title Calculations for molecular biology and biotechnology :
Remainder of title a guide to mathematics in the laboratory /
Statement of responsibility, etc. Frank H. Stephenson.
260 ## - PUBLICATION, DISTRIBUTION, ETC.
Place of publication, distribution, etc. Amsterdam :
Name of publisher, distributor, etc. Elsevier,
Date of publication, distribution, etc. 2003.
300 ## - PHYSICAL DESCRIPTION
Extent 2nd ed.
300 ## - PHYSICAL DESCRIPTION
Extent xiii, 458 p. :
Other physical details ill. ;
Dimensions 24cm.
500 ## - GENERAL NOTE
General note Includes index.
650 ## - SUBJECT ADDED ENTRY--TOPICAL TERM
Topical term or geographic name entry element Biotechnology.
650 #1 - SUBJECT ADDED ENTRY--TOPICAL TERM
Topical term or geographic name entry element Biology.
907 ## - LOCAL DATA ELEMENT G, LDG (RLIN)
a .b10314647
b 16-10-12
c 16-05-12
942 ## - ADDED ENTRY ELEMENTS (KOHA)
Koha item type Ordinary Loan Books
Call number prefix QH506
Call number suffix STE
Holdings
Date last seen Total Checkouts Full call number Barcode Cost, replacement price Price effective from Koha item type Lost status Source of classification or shelving scheme Damaged status Not for loan Collection Withdrawn status Home library Current library Shelving location Date acquired Cost, normal purchase price
01/23/2023   QH506 STE 92004032086 80.00 01/23/2023 BOOKS   LCC     NFIC   MAIN MAIN GEN 01/23/2023 80.00